000
00305nam a2200145Ia 4500
100
_a
Murthy/Narayana N.R
942
_c
BK
366
_f
17.5
654
_a
better india
245
_a
A better India A better World
260
_b
Penquin books
_c
2009
300
_a
290
546
_a
ENGLISH
999
_c
33532
_d
33532